|
|
|
|
| LEADER |
00948nab a2200265 i 4500 |
| 001 |
publ18647 |
| 005 |
20200429143616.0 |
| 008 |
200429s2019 hu o 0|| zxx d |
| 022 |
|
|
|a 0953-4180
|
| 024 |
7 |
|
|a 10.1155/2019/2909168
|2 doi
|
| 024 |
7 |
|
|a 30940642
|2 mtmt
|
| 040 |
|
|
|a SZTE Publicatio Repozitórium
|b hun
|
| 041 |
|
|
|a zxx
|
| 100 |
1 |
|
|a Leko Mirjana Babić
|
| 245 |
1 |
0 |
|a Molecular mechanisms of neurodegeneration related to C9orf72 hexanucleotide repeat expansion
|h [elektronikus dokumentum] /
|c Leko Mirjana Babić
|
| 260 |
|
|
|c 2019
|
| 300 |
|
|
|a Azonosító: 2909168-Terjedelem: 18 p
|
| 490 |
0 |
|
|a BEHAVIOURAL NEUROLOGY
|v 2019
|
| 700 |
0 |
1 |
|a Župunski Vera
|e aut
|
| 700 |
0 |
1 |
|a Kirincich Jason
|e aut
|
| 700 |
0 |
1 |
|a Smilović Dinko
|e aut
|
| 700 |
0 |
1 |
|a Hortobágyi Tibor
|e aut
|
| 700 |
0 |
1 |
|a Hof Patrick R.
|e aut
|
| 700 |
0 |
1 |
|a Šimić Goran
|e aut
|
| 856 |
4 |
0 |
|u http://publicatio.bibl.u-szeged.hu/18647/1/BabicLeko_BehavNeurol_2019.pdf
|z Dokumentum-elérés
|